LEADER 00639nas a2200157 i 4500 001 000000026551 003 CaOOAMICUS 005 20180830125447.0 008 180830n it u0 ita u 040 $aSeMil$bita 245 10$aCorsi di studi /$cUniversitā degli Studi di Bari, Centro di Studi Bizantini. 260 $aRoma :$bL'Erma di Bretschneider,$c[19--?] 300 $av. ;$c24 cm. 710 2 $aUniversitā degli Studi "Aldo Moro" : Centro di Studi Bizantini.$0(OLS)http://semarc/name/9639 996 $6245$aCorsi di studi$9(OLS)http://semarc/title/28587 996 $6260$aRoma :$bL'Erma di Bretschneider$9(OLS)http://semarc/publisher/31593 LEADER 01154nam a2200277 i 4500 001 000000184171 003 CaOOAMICUS 005 20091218000000.0 008 091218s1997 it u000 u ita u 013 $a162150 020 $a88-7610-593-X 040 $aSeMil$bita 100 1 $aCencini, Amedeo.$0(OLS)http://semarc/name/230 245 13$aLa sfida della comunicazione :$bmass media ed evangelizzazione /$cA. Cencini ... [et al.]. 260 $aMilano :$bĀncora,$cCopyr. 1997. 300 $a152 p. ;$c19 cm. 490 0 $aVita consacrata 500 $aDono di don Romano Martinelli. 650 4$aComunicazione di massa - Concezione cristiana.$0(OLS)http://semarc/subject/34797 830 0$aVita consacrata.$0(OLS)http://semarc/title/6732 850 $aSeMil 852 $aSeMil$W1$xVenegono$y1$m3M I 205$j134867$B134867$CSeMilBibl$Z2$F148151 $81 961 $aOmaggio: Martinelli don Romano 996 $6020$a88-7610-593-X$9(OLS)http://semarc/number/174090 996 $6245$aLa sfida della comunicazione :$bmass media ed evangelizzazione$9(OLS)http://semarc/title/264352 996 $6260$aMilano :$bĀncora$9(OLS)http://semarc/publisher/29763